|
|
|
|
| LEADER |
00000nam2a2200000 4500 |
| 001 |
155729 |
| 005 |
20231101221845.0 |
| 035 |
|
|
|a (RuTPU)RU\TPU\book\168909
|
| 035 |
|
|
|a RU\TPU\book\168908
|
| 090 |
|
|
|a 155729
|
| 100 |
|
|
|a 20090318d2007 k y0rusy50 ca
|
| 101 |
0 |
|
|a rus
|
| 102 |
|
|
|a RU
|
| 105 |
|
|
|a a z 101zy
|
| 200 |
0 |
|
|a Т. 2
|
| 210 |
|
|
|d 2007
|
| 215 |
|
|
|a 492 с.
|c ил.
|
| 320 |
|
|
|a Библиография в конце докладов.
|
| 330 |
|
|
|a Сборник содержит доклады XIII Международной научно-практической конференции студентов, аспирантов и молодых ученых «Современные техника и технологии». Все статьи разделены по секциям: электроэнергетика; приборостроение; технология, оборудование и автоматизация машиностроительных производств; электромеханика; системы и приборы медицинского назначения; материаловедение; информатика и управление в технических системах; физические методы в науке и технике; контроль и управление качеством; теплоэнергетика; дизайн и технология обработки материалов; круглый стол "философия техники"; круглый стол "проблемы организации научно-технического творчества молодежи". Сборник представляет интерес для специалистов, исследователей в сфере материаловедения, машино- и приборостроения, энергетики, а также контроля и управления качеством.
|
| 461 |
|
1 |
|0 (RuTPU)RU\TPU\book\136926
|t Современные техника и технологии
|o 13-я Международная научно-практическая конференция студентов, аспирантов и молодых ученых, г. Томск, 26-30 марта 2007 г.
|o труды в 3 т.
|f Томский политехнический университет (ТПУ)
|v Т. 2
|d 2007
|
| 606 |
1 |
|
|a Научно-исследовательская работа
|2 stltpush
|3 (RuTPU)RU\TPU\subj\45139
|
| 610 |
1 |
|
|a материаловедение
|
| 610 |
1 |
|
|a информатика
|
| 610 |
1 |
|
|a технические системы
|
| 610 |
1 |
|
|a управление
|
| 610 |
1 |
|
|a конференции
|
| 675 |
|
|
|a 62.001.5(063)
|v 3
|
| 712 |
0 |
1 |
|a Томская область
|b Администрация
|2 stltpush
|3 (RuTPU)RU\TPU\col\449
|9 23442
|
| 801 |
|
1 |
|a RU
|b 63413507
|c 20090318
|g PSBO
|
| 801 |
|
2 |
|a RU
|b 63413507
|c 20120830
|g PSBO
|
| 942 |
|
|
|c BK
|